Quick Pick: Best Picture or Not? Quiz Stats

 Plays Quiz Updated Oct 8, 2016

Challenge
Share
Tweet
Embed
Score 0/10 Timer 01:00
2 Plays Today
% Correct
The King's Speech
87.1%
The Godfather
85.2%
Titanic
80.3%
Braveheart
78.2%
Kramer vs. Kramer
75.9%
Chicago
75.7%
The Sound of Music
74.9%
Out of Africa
70.5%
Rain Man
66.4%
West Side Story
62.7%

Today's Daily Dose

You're not logged in!

Compare scores with friends on all Sporcle quizzes.
OR
Log In

You Might Also Like...

Show Comments

Extras

Top Quizzes Today


Score Distribution

Your Account Isn't Verified!

In order to create a playlist on Sporcle, you need to verify the email address you used during registration. Go to your Sporcle Settings to finish the process.

Report this User

Report this user for behavior that violates our Community Guidelines.

Details: